Kontemporaryong diksyunaryo ng Filipino-Ingles. (Record no. 112313)
[ view plain ]
| 000 -LEADER | |
|---|---|
| fixed length control field | 00325nam a2200121 a 4500 |
| 005 - DATE AND TIME OF LATEST TRANSACTION | |
| control field | 20140414131933.0 |
| 008 - FIXED-LENGTH DATA ELEMENTS--GENERAL INFORMATION | |
| fixed length control field | 110108s19uu xx 00 eng d |
| 050 ## - LIBRARY OF CONGRESS CALL NUMBER | |
| Classification number | REF 423 |
| Item number | T11 2005 |
| 100 ## - MAIN ENTRY--PERSONAL NAME | |
| Personal name | Tajar, Mahmood |
| 245 ## - TITLE STATEMENT | |
| Title | Kontemporaryong diksyunaryo ng Filipino-Ingles. |
| 260 ## - PUBLICATION, DISTRIBUTION, ETC. (IMPRINT) | |
| Name of publisher, distributor, etc | Smartbooks, |
| Date of publication, distribution, etc | 2005. |
| Withdrawn status | Lost status | Damaged status | Home library | Current library | Shelving location | Date acquired | Source of acquisition | Total Checkouts | Full call number | Barcode | Date last seen | Price effective from | Koha item type |
|---|---|---|---|---|---|---|---|---|---|---|---|---|---|
| Munich Library | Munich Library | Reference Section | 01/08/2011 | REF 423 T11 2005 | M3572 | 04/14/2014 | 04/14/2014 | Books |